000 00306nam a22001337a 4500
008 180917b xxu||||| |||| 00| 0 eng d
020 _a9780130990754
041 _aeng
080 _23 ED
_a610.73
100 _a1
101 _aNUR
245 _aMedical Surgical Nursing
_cLemone P
942 _2udc
_cBK
999 _c47871
_d47871